Instrumentation in astronomy (Record no. 4579)

MARC details
000 -LEADER
fixed length control field 00684nam a2200205Ia 4500
003 - CONTROL NUMBER IDENTIFIER
control field IN-BaIIA
008 - FIXED-LENGTH DATA ELEMENTS--GENERAL INFORMATION
fixed length control field 211028s9999 xx 000 0 eng d
040 ## - CATALOGING SOURCE
Transcribing agency IIA Library
080 ## - UNIVERSAL DECIMAL CLASSIFICATION NUMBER
Universal Decimal Classification number 520.8(082.2)
Item number INS
245 #0 - TITLE STATEMENT
Title Instrumentation in astronomy
Statement of responsibility, etc. edited by Lewis Larmore and Robert W. Poindexter
260 ## - PUBLICATION, DISTRIBUTION, ETC.
Place of publication, distribution, etc. U.S.A
Name of publisher, distributor, etc. The International Society for Optical Engineering
Date of publication, distribution, etc. 1972
300 ## - PHYSICAL DESCRIPTION
Extent ix, 304p.
490 ## - SERIES STATEMENT
Series statement SPIE; v. 28
650 ## - SUBJECT ADDED ENTRY--TOPICAL TERM
Topical term or geographic name entry element  Astronomical instrumentation 
9 (RLIN) 8058
650 ## - SUBJECT ADDED ENTRY--TOPICAL TERM
Topical term or geographic name entry element  Instrumentation
9 (RLIN) 8059
650 ## - SUBJECT ADDED ENTRY--TOPICAL TERM
Topical term or geographic name entry element Astronomy and Astrophysics Thesaurus 
9 (RLIN) 1143
700 ## - ADDED ENTRY--PERSONAL NAME
Personal name Larmore, Lewis., ed.
9 (RLIN) 8060
700 ## - ADDED ENTRY--PERSONAL NAME
Personal name Poindexter, Robert W., ed.
9 (RLIN) 8061
942 ## - ADDED ENTRY ELEMENTS (KOHA)
Koha item type Books
Holdings
Withdrawn status Lost status Damaged status Not for loan Home library Current library Shelving location Date acquired Cost, normal purchase price Total Checkouts Full call number Barcode Date last seen Cost, replacement price Price effective from Koha item type Purchase Price
        IIA Library-Bangalore IIA Library-Bangalore General Stacks 10/12/1974 272.00   520.8(082.2)/ INS 5109 05/11/2021 272.00 10/12/1974 Books Rs. 272.00

Powered by Koha